Statistics for Fallen Empires Quiz

Click here to take the quiz!

General Stats

  • This quiz has been taken 26 times
  • The average score is 13 of 20

Answer Stats

QuestionAnswer% Correct
Russian EmpireSoviet Union
82%
IncaSpain
82%
Neo-BabylonAchaemenid Persia
77%
Nazi GermanyAllies
77%
Achaemenid PersiaMacedon
77%
Empire of JapanUnited States
77%
Aztec EmpireSpain
73%
Mughal EmpireUnited Kingdom
73%
Umayyad CaliphateAbbasid Caliphate
68%
Neo-AssyriaBabylonia
68%
Holy Roman EmpireNapoleonic France
68%
RomeOttomans
68%
Qing DynastyRepublic of China
68%
Song DynastyMongolia
64%
Yuan DynastyMing Dynasty
55%
MacedonRome
55%
Spanish EmpireUnited States
55%
Qin DynastyHan
50%
Akkadian EmpireNeo-Sumer
27%
PhoeniciaAssyia
23%

Score Distribution

Percentile by Number Answered

Percent of People with Each Score

Your Score History

You have not taken this quiz